| 000 | 00614nam a2200217 i 4500 | ||
|---|---|---|---|
| 001 | 92304 | ||
| 003 | ES-MaACL | ||
| 005 | 20230906180936.0 | ||
| 007 | t| | ||
| 008 | 050224s1976 sp ||||1| spa d | ||
| 100 | 1 |
_aLicht, Hans. _972181 |
|
| 245 | 1 | 0 |
_aVida sexual de la antigua Grecia / _cHans Licht, [traducción: Dolores Sánchez de Aleu]. |
| 250 | _a[1ª ed.]. | ||
| 260 |
_a[Madrid : _bFelmar, _c1976] |
||
| 300 |
_a399 p. ; _c22 cm. |
||
| 490 | 1 | _aAbraxas | |
| 700 | 1 |
_aSánchez Aleu, Dolores. _9174488 |
|
| 830 | 0 |
_aAbraxas _9177540 |
|
| 852 |
_aES-MaACL _jA-5581 _bR.94455 |
||
| 999 |
_c92304 _d92304 |
||